000 00321pam a2200133 a 4500
020 _c
041 _h
082 _a381.142
_bKAH
100 _aKahkota, R
245 _aE-Business 2 -0 Readmap For Service
_hTextual Documents
260 _aNew Delhi
_bPearson Education [Addison Wesley]
300 _a520
930 _a4622
999 _c111452
_d111452